[Event "Titled Tue 1st Jul Early"]
[Site "chess.com INT"]
[Date "2025.07.01"]
[Round "8"]
[White "Sahin, Sarp"]
[Black "Buraczewski, Rafal"]
[Result "0-1"]
[WhiteTitle "CM"]
[BlackTitle "CM"]
[WhiteElo "2187"]
[BlackElo "2135"]
[WhiteFideId "51605066"]
[BlackFideId "1155245"]
[EventDate "2025.07.01"]

1. b3 e5 2. Bb2 d6 3. g3 Be7 4. Bg2 f5 5. c4 Nf6 6. d3 O-O 7. Nd2 f4 8. gxf4 Ng4
9. Ngf3 Rxf4 10. e3 Rf8 11. Qe2 a5 12. a3 Nc6 13. h3 Nf6 14. Rg1 Qe8 15. Nh4 Qh5
16. Bd5+ Kh8 17. Ndf3 Nxd5 18. cxd5 Bxh4 19. Nxh4 Qxh4 20. dxc6 bxc6 21. O-O-O
Be6 22. f4 Rab8 23. fxe5 d5 24. Qc2 Qf2 25. Qxc6 Rxb3 26. Bd4 Qa2 27. Qc2 Qxa3+
28. Kd2 Rf2+ 29. Ke1 Rxc2 30. Rf1 Qb4+ 0-1

[Event "Titled Tue 1st Jul Early"]
[Site "chess.com INT"]
[Date "2025.07.01"]
[Round "8"]
[White "Lazavik, Denis"]
[Black "Naroditsky, Daniel"]
[Result "1-0"]
[WhiteTitle "GM"]
[BlackTitle "GM"]
[WhiteElo "2580"]
[BlackElo "2619"]
[WhiteFideId "13515110"]
[BlackFideId "2026961"]
[EventDate "2025.07.01"]

1. e4 c5 2. Nf3 a6 3. d4 cxd4 4. Nxd4 Nf6 5. Nd2 e5 6. N4f3 Nc6 7. Bc4 b5 8. Bb3
Bc5 9. O-O d6 10. c3 O-O 11. h3 Be6 12. Re1 Qb6 13. Qe2 Nh5 14. Nf1 Bxb3 15.
axb3 b4 16. Be3 bxc3 17. bxc3 Qxb3 18. N3d2 Qxc3 19. Qxh5 Bxe3 20. fxe3 Nb4 21.
Rec1 Qd3 22. Qd1 a5 23. Qb3 Qe2 24. Re1 Qh5 25. Nf3 Qg6 26. N1d2 Rab8 27. Rxa5
Rfc8 28. Rb1 h6 29. Qa4 Nd3 30. Rxb8 Rxb8 31. Ra8 Rxa8 32. Qxa8+ Kh7 33. Qd5 Nb4
34. Qc4 d5 35. Qxb4 Qb6 36. Qxb6 1-0

[Event "Titled Tue 1st Jul Early"]
[Site "chess.com INT"]
[Date "2025.07.01"]
[Round "8"]
[White "Vedant Rupeshbhai Varasada"]
[Black "Pham, Le Thao Nguyen"]
[Result "0-1"]
[WhiteTitle "CM"]
[BlackTitle "IM"]
[WhiteElo "2044"]
[BlackElo "2357"]
[WhiteFideId "25156527"]
[BlackFideId "12401226"]
[EventDate "2025.07.01"]

1. e4 c5 2. Nf3 e6 3. d4 cxd4 4. Nxd4 a6 5. c4 Nf6 6. Nc3 Bb4 7. Qd3 Nc6 8. Nc2
Be7 9. Bf4 d6 10. Be2 O-O 11. O-O-O Ne5 12. Qg3 Qc7 13. b3 Bd7 14. Bd2 b5 15.
cxb5 axb5 16. Bxb5 Nxe4 17. Nxe4 Bxb5 18. Nc3 Rfc8 19. Kb2 Nd3+ 20. Kb1 Bf6 21.
Rc1 Bxc3 22. Ne3 Nxc1 23. Rxc1 Bd3+ 0-1

[Event "Titled Tue 1st Jul Early"]
[Site "chess.com INT"]
[Date "2025.07.01"]
[Round "8"]
[White "Rubio, Lloyd"]
[Black "Preobrazhenskaya, Diana"]
[Result "0-1"]
[BlackTitle "WFM"]
[WhiteElo "2167"]
[BlackElo "2029"]
[WhiteFideId "5210453"]
[BlackFideId "34270566"]
[EventDate "2025.07.01"]

1. d4 Nf6 2. c4 e6 3. Nc3 Bb4 4. Bd2 O-O 5. Nf3 d5 6. e3 b6 7. cxd5 exd5 8. Bd3
Bb7 9. O-O Re8 10. a3 Bd6 11. Nb5 Bf8 12. Rc1 c6 13. Nc3 Nbd7 14. Ne2 c5 15. Ng3
Ne4 16. Bc3 Rc8 17. Bxe4 dxe4 18. Ne5 cxd4 19. exd4 Nxe5 20. dxe5 Qg5 21. Qd7
Bc6 22. Qxa7 h5 23. Rfe1 h4 24. Nxe4 Bxe4 25. f3 Bxf3 26. Rc2 h3 27. g3 Bc5+ 28.
Kf1 Bg2+ 29. Ke2 Qe3+ 30. Kd1 Bf3+ 0-1

[Event "Titled Tue 1st Jul Early"]
[Site "chess.com INT"]
[Date "2025.07.01"]
[Round "8"]
[White "Onyshchuk, Volodymyr"]
[Black "Tekeyev, Zaur"]
[Result "1-0"]
[WhiteTitle "GM"]
[BlackTitle "IM"]
[WhiteElo "2607"]
[BlackElo "2407"]
[WhiteFideId "14114038"]
[BlackFideId "4199731"]
[EventDate "2025.07.01"]

1. e4 c5 2. Nf3 Nc6 3. Nc3 e5 4. Bc4 Be7 5. d3 d6 6. Nd2 Nf6 7. Nf1 Nd7 8. a4
O-O 9. Ne3 Nb6 10. Ba2 Kh8 11. O-O Bg5 12. Ned5 Bxc1 13. Rxc1 Be6 14. f4 exf4
15. Rxf4 Qg5 16. Qd2 Nd4 17. Rcf1 Nd7 18. Nc7 Bxa2 19. Nxa8 Ne5 20. Kh1 Ng6 21.
R4f2 Qxd2 22. Rxd2 Be6 23. Nc7 Rc8 24. N7b5 Nxb5 25. Nxb5 1-0

[Event "Titled Tue 1st Jul Early"]
[Site "chess.com INT"]
[Date "2025.07.01"]
[Round "8"]
[White "Lee, Qing Aun"]
[Black "Donoso Aguirre, Maximiliano"]
[Result "1-0"]
[WhiteTitle "FM"]
[BlackTitle "CM"]
[WhiteElo "2280"]
[BlackElo "2050"]
[WhiteFideId "5804167"]
[BlackFideId "3458920"]
[EventDate "2025.07.01"]

1. d4 d5 2. Nc3 Nf6 3. Bf4 a6 4. e3 Bf5 5. f3 h5 6. Bd3 Bxd3 7. Qxd3 e6 8. e4 c5
9. dxc5 dxe4 10. Qxd8+ Kxd8 11. O-O-O+ Ke8 12. Bd6 exf3 13. Nxf3 Nbd7 14. b4
Bxd6 15. Rxd6 Ke7 16. Rhd1 Rhd8 17. a3 Nf8 18. Ne5 N8d7 19. Nc4 Rac8 20. Kb2 Ng4
21. Na5 Nge5 22. Nxb7 Nc4+ 23. Kb3 Nxd6 24. cxd6+ Ke8 25. Ne4 Nb6 26. Nxd8 Kxd8
27. Nc5 Rc6 28. c4 Nd7 29. Nb7+ Kc8 30. Na5 Rb6 31. Kc3 Nb8 32. c5 1-0

[Event "Titled Tue 1st Jul Early"]
[Site "chess.com INT"]
[Date "2025.07.01"]
[Round "8"]
[White "Le, Minh Tu"]
[Black "Weetik, Vjacheslav"]
[Result "0-1"]
[WhiteTitle "FM"]
[BlackTitle "FM"]
[WhiteElo "1932"]
[BlackElo "2423"]
[WhiteFideId "12404888"]
[BlackFideId "4153472"]
[EventDate "2025.07.01"]

1. d4 g6 2. Bf4 Bg7 3. e3 d6 4. Nf3 Nf6 5. h3 O-O 6. Bc4 c5 7. c3 cxd4 8. exd4
Nc6 9. O-O Qb6 10. Qb3 Na5 11. Qxb6 axb6 12. Nbd2 Nxc4 13. Nxc4 Be6 14. Nxb6 Ra6
15. d5 Nxd5 16. Nxd5 Bxd5 17. Rfe1 e5 18. Bg5 h6 19. Be3 Bxa2 20. Red1 Rc8 21.
Nd2 f5 22. f4 Kf7 23. Nf3 Ke6 24. Re1 Bd5 25. Rxa6 bxa6 26. fxe5 dxe5 27. Nxe5
Bxe5 28. Bd4 Be4 0-1

[Event "Titled Tue 1st Jul Early"]
[Site "chess.com INT"]
[Date "2025.07.01"]
[Round "8"]
[White "Liashkevich, Lizaveta"]
[Black "Allahverdiyeva, Ayan"]
[Result "1-0"]
[WhiteTitle "WFM"]
[BlackTitle "WIM"]
[WhiteElo "2204"]
[BlackElo "2234"]
[WhiteFideId "13518658"]
[BlackFideId "13412590"]
[EventDate "2025.07.01"]

1. d4 Nf6 2. Nf3 d5 3. c4 e6 4. Nc3 Be7 5. Bf4 O-O 6. e3 c6 7. c5 b6 8. b4 a5 9.
a3 Ba6 10. Bxa6 Nxa6 11. Ne5 Qc8 12. Na4 bxc5 13. Nb6 Qb7 14. bxc5 Ra7 15. Rb1
Nb8 16. Nxd5 Nxd5 17. Rxb7 Rxb7 18. O-O f6 19. Nc4 Bd8 20. Bd6 Re8 21. e4 Nc3
22. Qd3 Nb5 23. a4 Na7 24. Rb1 Rb4 25. Bxb8 Nc8 26. Rxb4 axb4 27. Qb3 Kf7 28.
Qxb4 Be7 29. Qb7 1-0

[Event "Titled Tue 1st Jul Early"]
[Site "chess.com INT"]
[Date "2025.07.01"]
[Round "8"]
[White "Hayrapetyan, Edgar"]
[Black "Kiremitciyan, Ari"]
[Result "1-0"]
[WhiteTitle "FM"]
[BlackTitle "FM"]
[WhiteElo "2161"]
[BlackElo "2271"]
[WhiteFideId "13313568"]
[BlackFideId "6373445"]
[EventDate "2025.07.01"]

1. e4 c6 2. d4 d5 3. Nc3 dxe4 4. Nxe4 Nf6 5. Ng5 Bf5 6. N1f3 Nbd7 7. Bd3 Bxd3 8.
Qxd3 e6 9. O-O Bd6 10. Re1 O-O 11. h3 h6 12. Ne4 Nxe4 13. Rxe4 Nf6 14. Re1 c5
15. c3 cxd4 16. Nxd4 Bc5 17. Rd1 Bxd4 18. Qxd4 Qxd4 19. Rxd4 Rfd8 20. Rxd8+ Rxd8
21. Be3 a6 22. Kf1 e5 23. Ke2 Kf8 24. c4 Ke7 25. Rc1 Ke6 26. Rc3 Rc8 27. Rb3
Rxc4 28. Rxb7 Nd5 29. Kd3 Rc6 30. Bd2 f5 31. Rxg7 e4+ 32. Kd4 Rd6 33. Rg6+ Nf6+
34. Ke3 f4+ 35. Ke2 f3+ 36. gxf3 exf3+ 37. Ke3 Kf5 38. Rxh6 Nd5+ 39. Kxf3 Rd7
40. Rh5+ Ke6 41. Be3 Rf7+ 42. Ke2 1-0

[Event "Titled Tue 1st Jul Early"]
[Site "chess.com INT"]
[Date "2025.07.01"]
[Round "8"]
[White "Mohan, Dave"]
[Black "Akshat Sureka"]
[Result "0-1"]
[BlackTitle "FM"]
[WhiteElo "2018"]
[BlackElo "2339"]
[WhiteFideId "30909775"]
[BlackFideId "25774492"]
[EventDate "2025.07.01"]

1. d4 Nf6 2. Bg5 d5 3. Bxf6 exf6 4. e3 Be6 5. Nd2 c5 6. dxc5 Bxc5 7. Nb3 Bb6 8.
Ne2 Nc6 9. Nf4 d4 10. Nxe6 fxe6 11. exd4 Nxd4 12. Bb5+ Nxb5 13. Qh5+ Ke7 14.
Qxb5 Rc8 15. Rd1 Qc7 16. O-O Rhd8 17. c3 Qc4 18. Qh5 Rxd1 19. Rxd1 Qe4 20. h3
Rd8 21. Rxd8 Qe1+ 22. Kh2 Bc7+ 23. g3 Qxf2+ 24. Kh1 Qe1+ 25. Kg2 Qxg3+ 26. Kf1
Bxd8 27. Qc5+ Kf7 28. Qxa7 Qxh3+ 29. Ke2 Qg2+ 30. Kd3 Qf3+ 31. Kc2 Qg2+ 32. Nd2
f5 33. Kd3 Bg5 34. Nb3 Qe4# 0-1

[Event "Titled Tue 1st Jul Early"]
[Site "chess.com INT"]
[Date "2025.07.01"]
[Round "8"]
[White "Alazmi, Amani"]
[Black "Grabinsky, Vladimir"]
[Result "0-1"]
[WhiteTitle "WCM"]
[BlackTitle "IM"]
[WhiteElo "1733"]
[BlackElo "2192"]
[WhiteFideId "10303553"]
[BlackFideId "14107074"]
[EventDate "2025.07.01"]

1. e4 c5 2. Bc4 e6 3. Nc3 a6 4. a4 Nc6 5. Nf3 Nf6 6. d3 d5 7. exd5 exd5 8. Ba2
Be7 9. O-O Bg4 10. Bg5 O-O 11. Bxf6 Bxf6 12. Nxd5 Nd4 13. Ne3 Bxf3 14. gxf3 Qd7
15. c3 Ne6 16. Ng4 Nf4 17. Qd2 Bg5 18. Qc2 h5 19. Ne3 Qh3 20. d4 Rae8 21. Qf5
Qxf3 22. h3 Ne2+ 23. Kh2 Bf4+ 24. Qxf4 Nxf4 0-1

[Event "Titled Tue 1st Jul Early"]
[Site "chess.com INT"]
[Date "2025.07.01"]
[Round "8"]
[White "Maghsoodloo, Parham"]
[Black "Habans Aguerrea, Javier"]
[Result "1-0"]
[WhiteTitle "GM"]
[BlackTitle "IM"]
[WhiteElo "2695"]
[BlackElo "2448"]
[WhiteFideId "12539929"]
[BlackFideId "24524689"]
[EventDate "2025.07.01"]

1. d4 Nf6 2. c4 e6 3. Nc3 Bb4 4. e3 d5 5. Bd2 O-O 6. Rc1 Nbd7 7. Nf3 Re8 8. Qc2
dxc4 9. Bxc4 a6 10. Bd3 b6 11. Ne4 Bxd2+ 12. Nfxd2 c5 13. dxc5 Nxc5 14. Nxf6+
Qxf6 15. Bxh7+ Kh8 16. b4 Nd7 17. Be4 Rb8 18. Qc7 Qe5 19. O-O Kg8 20. h4 Qxc7
21. Rxc7 Nf6 22. Bc6 Rd8 23. Nc4 Bd7 24. Ne5 Rbc8 25. Rxc8 Bxc8 26. Rc1 Rd2 27.
a4 a5 28. Nc4 Rd8 29. Nxb6 axb4 30. Bb5 Bd7 31. Nxd7 Nxd7 32. Rb1 Ne5 33. Rxb4
Rd1+ 34. Kh2 Rd2 35. Kg3 1-0

[Event "Titled Tue 1st Jul Early"]
[Site "chess.com INT"]
[Date "2025.07.01"]
[Round "8"]
[White "Shapiro, Daniel"]
[Black "Borges, Wagner da Silva"]
[Result "1-0"]
[WhiteTitle "FM"]
[BlackTitle "CM"]
[WhiteElo "2284"]
[BlackElo "2055"]
[WhiteFideId "2001780"]
[BlackFideId "2100401"]
[EventDate "2025.07.01"]

1. d4 Nf6 2. c4 g6 3. Nc3 d5 4. Nf3 Bg7 5. Qb3 c6 6. Bg5 e6 7. e3 O-O 8. h4 h6
9. Bf4 Nbd7 10. O-O-O Qb6 11. Qc2 Qa5 12. Kb1 Nb6 13. Nd2 Nbd7 14. f3 Qd8 15. g4
Ne8 16. Bd3 f5 17. gxf5 gxf5 18. Rdg1 Kh8 19. Nf1 e5 20. dxe5 Nxe5 21. Be2 1-0

[Event "Titled Tue 1st Jul Early"]
[Site "chess.com INT"]
[Date "2025.07.01"]
[Round "8"]
[White "Emeliantsev, Anatoliy"]
[Black "Kopczynski, Michal"]
[Result "0-1"]
[WhiteTitle "FM"]
[BlackTitle "CM"]
[WhiteElo "2359"]
[BlackElo "2225"]
[WhiteFideId "4160681"]
[BlackFideId "1124200"]
[EventDate "2025.07.01"]

1. d4 Nf6 2. c4 g6 3. Nc3 Bg7 4. e4 d6 5. f3 O-O 6. Be3 e5 7. Nge2 exd4 8. Nxd4
Nc6 9. Be2 Be6 10. O-O h6 11. Nxe6 fxe6 12. Qd2 Kh7 13. f4 Nd7 14. Rae1 Qe7 15.
Bd3 Rf7 16. f5 g5 17. e5 exf5 18. Rxf5 Rxf5 19. Bxf5+ Kh8 20. Nd5 Qd8 21. e6
Nde5 22. e7 Nxe7 23. Bxg5 hxg5 24. Qxg5 Nxf5 25. Qxf5 Qh4 26. Re3 Rf8 27. Qc2
Bh6 28. Rg3 Qd4+ 0-1

[Event "Titled Tue 1st Jul Early"]
[Site "chess.com INT"]
[Date "2025.07.01"]
[Round "8"]
[White "Samunenkov, Ihor"]
[Black "Pranesh, M"]
[Result "0-1"]
[WhiteTitle "GM"]
[BlackTitle "GM"]
[WhiteElo "2555"]
[BlackElo "2592"]
[WhiteFideId "14187086"]
[BlackFideId "35028600"]
[EventDate "2025.07.01"]

1. d4 Nf6 2. c4 e6 3. Nc3 Bb4 4. e3 Nc6 5. Ne2 O-O 6. a3 Be7 7. g3 d5 8. cxd5
exd5 9. Bg2 Na5 10. b3 c6 11. Bd2 Bd6 12. O-O h5 13. Nf4 h4 14. Qc2 Re8 15. Nce2
Ne4 16. Bb4 Bc7 17. Rac1 Bf5 18. Qb2 g5 19. Nd3 Nxg3 20. hxg3 Bxd3 21. Bxa5 Bxa5
22. Rfd1 Bf5 23. gxh4 gxh4 24. Nf4 Bc7 25. Nd3 h3 26. Bf3 Re6 27. Kf1 Qh4 28.
Ke2 Rae8 29. Rg1+ Kf8 30. Nc5 Rg6 31. Rxg6 fxg6 32. Nxb7 h2 33. Bh1 Bg4+ 34. Kd3
Bf5+ 35. Ke2 Qg4+ 36. Kd2 Qg1 37. Kc3 a5 38. Nc5 Rxe3+ 39. fxe3 Qxe3+ 0-1

[Event "Titled Tue 1st Jul Early"]
[Site "chess.com INT"]
[Date "2025.07.01"]
[Round "8"]
[White "Mourao, Igor A.C.Lofredo"]
[Black "Chiang, Jacob"]
[Result "0-1"]
[WhiteElo "2177"]
[BlackElo "2032"]
[WhiteFideId "2102544"]
[BlackFideId "30962331"]
[EventDate "2025.07.01"]

1. d4 Nf6 2. c4 e6 3. Nc3 Bb4 4. g3 O-O 5. Bg2 d5 6. Nf3 dxc4 7. O-O c5 8. dxc5
Qxd1 9. Rxd1 Bxc5 10. Ne5 Nbd7 11. Nxc4 Nb6 12. Nxb6 axb6 13. Bf4 h6 14. Rd2 Re8
15. Be5 Bxf2+ 16. Kxf2 Ng4+ 17. Ke1 Nxe5 18. Rad1 Kf8 19. a3 Nc4 20. Nb5 Nxd2
21. Rxd2 Ra5 22. Nc7 Rc5 23. Nxe8 Kxe8 24. Rd6 Rb5 25. b4 Ke7 26. Rd2 Rh5 27.
Rc2 Kd8 28. h4 Re5 29. Rd2+ Kc7 30. Kf2 Bd7 31. Rc2+ Bc6 32. a4 b5 33. a5 h5 34.
a6 Kb6 35. Bxc6 bxc6 36. a7 Kxa7 37. Rxc6 Kb7 38. Rd6 Rd5 39. Rxd5 exd5 40. Ke3
Kc6 41. Kd4 Kd6 42. e4 dxe4 43. Kxe4 g6 44. Kd4 f5 0-1

[Event "Titled Tue 1st Jul Early"]
[Site "chess.com INT"]
[Date "2025.07.01"]
[Round "8"]
[White "Hrebenshchykova, Yelyzaveta"]
[Black "Sarveshwaran V"]
[Result "1-0"]
[WhiteTitle "WIM"]
[BlackTitle "CM"]
[WhiteElo "2265"]
[BlackElo "2290"]
[WhiteFideId "14159899"]
[BlackFideId "25699016"]
[EventDate "2025.07.01"]

1. e4 e5 2. Nf3 Nc6 3. Bb5 a6 4. Ba4 Nf6 5. O-O b5 6. Bb3 Be7 7. d4 d6 8. c3 O-O
9. h3 Bb7 10. Re1 h6 11. Nbd2 Re8 12. Nf1 Bf8 13. Ng3 Na5 14. Bc2 c5 15. d5 Nc4
16. b3 Nb6 17. Nh2 Bc8 18. Qf3 a5 19. a4 bxa4 20. bxa4 Ba6 21. Nf5 Kh7 22. Ng4
Nxg4 23. hxg4 Qf6 24. Qh3 Bc8 25. g5 Qg6 26. gxh6 gxh6 27. Re3 Bxf5 28. exf5 Qf6
29. Rg3 e4 30. Rg4 Qxc3 31. Qxc3 1-0

[Event "Titled Tue 1st Jul Early"]
[Site "chess.com INT"]
[Date "2025.07.01"]
[Round "8"]
[White "Goltsev, Dmitry"]
[Black "Bozorov, Javohir"]
[Result "1-0"]
[WhiteTitle "FM"]
[BlackTitle "FM"]
[WhiteElo "2182"]
[BlackElo "2039"]
[WhiteFideId "24176710"]
[BlackFideId "14216957"]
[EventDate "2025.07.01"]

1. e4 c5 2. Nf3 d6 3. d4 cxd4 4. Nxd4 Nf6 5. Nc3 a6 6. Be2 e5 7. Nf5 Bxf5 8.
exf5 d5 9. Bg5 d4 10. Bxf6 gxf6 11. Ne4 Nc6 12. Bc4 Be7 13. Qh5 Rf8 14. Qxh7 Qb6
15. O-O-O Na5 16. Bd3 O-O-O 17. g4 Qc6 18. h4 Qd5 19. Kb1 Nc6 20. a3 Rg8 21. g5
Kb8 22. gxf6 Rh8 23. fxe7 Rxh7 24. Nf6 Qd6 25. exd8=Q+ Qxd8 26. Nxh7 f6 27. Rdg1
Qh8 28. h5 Qxh7 29. h6 Nd8 30. Rg7 Qh8 31. h7 1-0

[Event "Titled Tue 1st Jul Early"]
[Site "chess.com INT"]
[Date "2025.07.01"]
[Round "8"]
[White "Dubnevych, Maksym"]
[Black "Caprio, Guido"]
[Result "1-0"]
[WhiteTitle "FM"]
[BlackTitle "IM"]
[WhiteElo "2296"]
[BlackElo "2435"]
[WhiteFideId "14184001"]
[BlackFideId "834580"]
[EventDate "2025.07.01"]

1. Nc3 d5 2. e4 dxe4 3. Nxe4 Nf6 4. Nxf6+ exf6 5. d4 Bd6 6. Bd3 O-O 7. Ne2 Re8
8. O-O Bg4 9. Be3 Nc6 10. c3 Ne7 11. Qc2 Kh8 12. Rae1 Qd7 13. Ng3 g6 14. Ne4 Nd5
15. Bd2 Bf5 16. c4 Nb4 17. Bxb4 Bxe4 18. c5 Bxd3 19. Qxd3 Bf8 20. Qf3 Kg7 21.
Bc3 c6 22. d5 Qf5 23. Qxf5 gxf5 24. d6 b6 25. b4 Re4 26. Rxe4 fxe4 27. Re1 bxc5
28. bxc5 Rb8 29. h4 Rb5 30. d7 Be7 31. Rxe4 1-0

[Event "Titled Tue 1st Jul Early"]
[Site "chess.com INT"]
[Date "2025.07.01"]
[Round "8"]
[White "Vihaan Dumir"]
[Black "Xalmatov, Yakubjon"]
[Result "0-1"]
[WhiteTitle "CM"]
[BlackTitle "CM"]
[WhiteElo "2143"]
[BlackElo "2096"]
[WhiteFideId "25901010"]
[BlackFideId "14201615"]
[EventDate "2025.07.01"]

1. d4 Nf6 2. Bg5 Ne4 3. Bf4 c5 4. f3 Nf6 5. d5 d6 6. e4 g6 7. c4 Bg7 8. Nc3 O-O
9. Qd2 Na6 10. Bh6 Nc7 11. Bd3 a6 12. a4 a5 13. Nge2 Na6 14. Rd1 Nb4 15. Bb1 Re8
16. Bxg7 Kxg7 17. O-O e6 18. dxe6 Bxe6 19. b3 Re7 20. Qxd6 Rd7 21. Qxc5 Rc8 22.
Qe3 Rcc7 0-1

[Event "Titled Tue 1st Jul Early"]
[Site "chess.com INT"]
[Date "2025.07.01"]
[Round "8"]
[White "Ivashentseva, Dominika"]
[Black "Silva, Mariana"]
[Result "1-0"]
[WhiteTitle "WCM"]
[BlackTitle "WFM"]
[WhiteElo "1970"]
[BlackElo "2039"]
[WhiteFideId "34331050"]
[BlackFideId "1911899"]
[EventDate "2025.07.01"]

1. d4 d5 2. c4 e6 3. Nf3 Nf6 4. g3 dxc4 5. Bg2 c5 6. O-O Nc6 7. dxc5 Qxd1 8.
Rxd1 Bxc5 9. Nbd2 O-O 10. Nxc4 Be7 11. Nfe5 Nxe5 12. Nxe5 Nd5 13. Bxd5 exd5 14.
Rxd5 Be6 15. Rd1 Rac8 16. Be3 Rc2 17. Rd2 Rfc8 18. Rad1 Bf6 19. f4 g6 20. Bxa7
Bh3 21. Kf2 h5 22. Bd4 h4 23. Bc3 Rxd2 24. Rxd2 Kg7 25. g4 Bxe5 26. Bxe5+ f6 27.
Rd7+ Kh6 28. Bxf6 Bxg4 29. Bg5+ 1-0

[Event "Titled Tue 1st Jul Early"]
[Site "chess.com INT"]
[Date "2025.07.01"]
[Round "8"]
[White "Fomevor, Cephas Clinton"]
[Black "Brenke, Andreas"]
[Result "1-0"]
[WhiteTitle "CM"]
[BlackTitle "FM"]
[WhiteElo "1883"]
[BlackElo "2349"]
[WhiteFideId "12601330"]
[BlackFideId "4602900"]
[EventDate "2025.07.01"]

1. d4 d5 2. c4 c6 3. Nc3 Nf6 4. Nf3 dxc4 5. a4 Bf5 6. Bf4 Nd5 7. Bg3 Qa5 8. Qd2
e5 9. Nxe5 Bb4 10. Nxc4 Qd8 11. e3 O-O 12. Bd3 Be6 13. O-O Nd7 14. Nd6 b6 15.
Nde4 f5 16. Nd6 N7f6 17. Nxf5 1-0

[Event "Titled Tue 1st Jul Early"]
[Site "chess.com INT"]
[Date "2025.07.01"]
[Round "8"]
[White "Csonka, Balazs"]
[Black "Baturin-Vinogradov, Miroslav"]
[Result "1-0"]
[WhiteTitle "IM"]
[BlackTitle "CM"]
[WhiteElo "2467"]
[BlackElo "2066"]
[WhiteFideId "742910"]
[BlackFideId "55745741"]
[EventDate "2025.07.01"]

1. Nf3 d5 2. d4 Nf6 3. Bf4 c5 4. e3 Nc6 5. Nbd2 cxd4 6. exd4 Bf5 7. Bb5 Qb6 8.
c4 dxc4 9. a4 e6 10. Nxc4 Bb4+ 11. Bd2 Bxd2+ 12. Qxd2 Qd8 13. Qb4 Ne4 14. Nfe5
Qxd4 15. Nxc6 Qxf2+ 16. Kd1 bxc6 17. Bxc6+ Kd8 18. Bxa8 Kc7 19. Qa5+ Kd7 20.
Bxe4 Bxe4 21. Qd2+ 1-0

[Event "Titled Tue 1st Jul Early"]
[Site "chess.com INT"]
[Date "2025.07.01"]
[Round "8"]
[White "Loftgaard, Mikkel Vinh"]
[Black "Guo, Felix"]
[Result "0-1"]
[WhiteTitle "FM"]
[WhiteElo "2281"]
[BlackElo "2091"]
[WhiteFideId "1468480"]
[BlackFideId "30997550"]
[EventDate "2025.07.01"]

1. e4 e5 2. Nf3 Nf6 3. Nxe5 d5 4. exd5 Qxd5 5. d4 Nc6 6. Nxc6 Qxc6 7. Nc3 Bb4 8.
Bd2 O-O 9. Ne2 Bd6 10. Be3 Re8 11. Ng3 Nd5 12. Qd2 Nxe3 13. fxe3 Bf4 14. Ne2
Bxe3 15. Qc3 Qf6 16. Qc4 Bg4 17. Kd1 Rad8 18. c3 Bxd4 19. Kc2 Bf5+ 20. Kb3 Be6
21. Nxd4 Bxc4+ 22. Bxc4 Qb6+ 23. Kc2 Qg6+ 24. Kb3 Rxd4 25. cxd4 Re3+ 26. Ka4
Qc6+ 27. Bb5 Qd6 28. Rhf1 Qxd4+ 29. b4 Qc3 30. a3 b6 0-1

[Event "Titled Tue 1st Jul Early"]
[Site "chess.com INT"]
[Date "2025.07.01"]
[Round "8"]
[White "Burovic, Rijad"]
[Black "Burmakin, Evgeniy"]
[Result "1-0"]
[WhiteTitle "IM"]
[BlackTitle "FM"]
[WhiteElo "2420"]
[BlackElo "2110"]
[WhiteFideId "14407701"]
[BlackFideId "4163729"]
[EventDate "2025.07.01"]

1. e4 c5 2. d3 Nc6 3. g3 g6 4. Bg2 Bg7 5. f4 d6 6. Nf3 e6 7. O-O Nge7 8. c3 O-O
9. Be3 b6 10. d4 d5 11. e5 Nf5 12. Bf2 Ba6 13. Re1 cxd4 14. cxd4 Rc8 15. Nc3 Nb4
16. Qa4 Rc4 17. Bf1 Qc8 18. Bxc4 Qxc4 19. Nd2 Qd3 20. Qxb4 Qxd2 21. Red1 Qc2 22.
Rac1 Qxd1+ 23. Nxd1 Ra8 24. Ne3 Bf8 25. Qa4 Bd3 26. Nxf5 gxf5 27. Qd7 1-0

[Event "Titled Tue 1st Jul Early"]
[Site "chess.com INT"]
[Date "2025.07.01"]
[Round "8"]
[White "Garde, Guillaume"]
[Black "Palomo, Franklin Annervys"]
[Result "0-1"]
[WhiteTitle "CM"]
[BlackTitle "FM"]
[WhiteElo "2196"]
[BlackElo "2243"]
[WhiteFideId "45138273"]
[BlackFideId "3906965"]
[EventDate "2025.07.01"]

1. d4 c5 2. d5 Nf6 3. Nc3 a6 4. a4 d6 5. e4 g6 6. h3 e5 7. Nf3 Bg7 8. Bd3 O-O 9.
O-O h6 10. Nd2 Nbd7 11. a5 Kh7 12. Nc4 Qe7 13. f4 exf4 14. Bxf4 Ne8 15. Kh1 Ne5
16. Nb6 Rb8 17. Qd2 Nf6 18. Rf2 Nfd7 19. Nxc8 Rbxc8 20. Raf1 Rce8 21. b3 Qd8 22.
Na4 Qc7 23. Be3 Re7 24. Nc3 c4 25. bxc4 Nxc4 26. Bxc4 Qxc4 27. Nd1 Qxe4 28. Bf4
Ne5 29. Re2 Qa4 30. Nb2 Qa2 31. Nd3 Qxd5 32. Rb1 Rfe8 33. Rf2 Nxd3 34. cxd3 g5
35. Bg3 Bd4 36. Rf3 Re2 37. Qb4 Rxg2 38. Kxg2 Re2+ 39. Bf2 Rxf2+ 40. Kg1 Qxf3
41. Qxb7 Rf1+ 42. Kh2 Rf2+ 43. Kg1 Rg2+ 44. Kh1 Qxh3# 0-1

[Event "Titled Tue 1st Jul Early"]
[Site "chess.com INT"]
[Date "2025.07.01"]
[Round "8"]
[White "Huseynova, Lala"]
[Black "Buscar, Michael"]
[Result "0-1"]
[WhiteTitle "WFM"]
[WhiteElo "2045"]
[BlackElo "2016"]
[WhiteFideId "13431781"]
[BlackFideId "2603616"]
[EventDate "2025.07.01"]

1. e4 c5 2. Nf3 Nc6 3. d4 cxd4 4. Nxd4 Nf6 5. Nc3 e5 6. Ndb5 h6 7. Nd6+ Bxd6 8.
Qxd6 Qe7 9. Qd2 O-O 10. b3 Rd8 11. Bb2 d6 12. Bc4 Be6 13. O-O Bxc4 14. bxc4 Qe6
15. Nd5 Nxe4 16. Qe3 Qg6 17. f4 Nf6 18. Nxf6+ gxf6 19. Rf3 Qxc2 20. fxe5 Qxb2
21. Rg3+ Kf8 22. Qxh6+ Ke8 23. Re1 Nxe5 24. Qxf6 Kd7 25. Qf5+ Kc7 26. Kh1 Rd7
27. Qe4 Qb6 28. Rb3 Qc6 29. Qf4 Rg8 30. Rb2 Rg4 31. Qf2 Rxc4 32. Reb1 Rc1+ 33.
Rxc1 Qxc1+ 34. Qg1 Qxb2 0-1